| 000 | 00463nam a2200193Ia 4500 | ||
|---|---|---|---|
| 008 | 101110s9999 xx 000 0 und d | ||
| 041 | _aENGLISH | ||
| 082 |
_bSR5620 _a574.01 |
||
| 100 | _aHarold Wheeler | ||
| 245 | _aThe Miracle of Life | ||
| 365 | _b6 | ||
| 520 | _aBiology/Zoology | ||
| 546 | _aENGLISH | ||
| 630 | _aThe Miracle of Life | ||
| 650 | _aBiology/Zoology | ||
| 655 | _aBiology/Zoology | ||
| 730 | _aThe Miracle of Life | ||
| 942 | _cBOOK | ||
| 999 |
_c801652 _d801649 |
||